Creatures of Sonaria - All Photo-carnis - Statistics

General Stats
  • This quiz has been taken 3 times
  • The average score is 12 of 19
Answer Stats
Tier (Size) Type Species % Correct
4 (Large) Land Cavengauu
100%
2 (Small) Land Doragonix
100%
5 (Enormous) Land Hygos
100%
3 (Medium) Land Koryser
100%
3 (Medium) Land Yama'tu
100%
3 (Medium) Flier Artikauk
50%
1 (Tiny) Land Cantapodi
50%
4 (Large) Land Cucuerpum
50%
2 (Small) Land Diokrine
50%
3 (Medium) Land Fyranili
50%
4 (Large) Land Grysallmog
50%
4 (Large) Land Hisolidium
50%
4 (Large) Glider Nolumoth
50%
5 (Enormous) Land Oxytalis
50%
3 (Medium) Flier Quezekel
50%
4 (Large) Land Skulderouge
50%
5 (Enormous) Land Venuella
50%
4 (Large) Land Woodralone
50%
5 (Enormous) Land Lus-Ardach
0%
No matching quizzes found
Score Distribution
Percent of People with Each Score
Percentile by Number Answered
Your Score History
You have not taken this quiz